000 01137nam0a2200289 4500
001 RU\NLR\bibl\557134
005 20260407080045.0
021 _aRU
_b2004-52742
_92590
035 _a(NLR Aleph) 000549272
090 _a1462100
_c1462100
100 _a20040930d2004 |||y0rusy50 ca
101 0 _arus
102 _aRU
105 _ay |||||||||
200 1 _aПчеловодство. Предложения для практики
_e[Сб. нормат. материалов]
_fРос. акад. с.-х. наук, Гос. науч. учреждение НИИ пчеловодства
210 _aРыбное
_cГНУ НИИП
_d2004
215 _a48 с.
_d20
606 0 _aПчелы
_jСтандарты
_xКорма и кормление
_91381609
_3RU\NLR\auth\66579917
606 0 _aПасеки
_jСтандарты
_xОборудование
_91815861
_3RU\NLR\auth\66819676
686 _aП691-4
686 _aП691-683
712 0 2 _4570
_aНИИ пчеловодства
_cРыбное
_3RU\NLR\AUTH\884602
_9280747
801 0 _aRU
_bNLR
_c20040930
_gPSBO
801 1 _aRU
_bNLR
_c20040930
942 _cBOOK
980 _aNB